Mecánica de fluidos

Bibliographic Details
Main Authors: Potter, Merle C., Wiggert, David C
Format: Section = Libro
Language:Undetermined
Spanish
Published: México Thomson 2002
Edition:3a.ed.
Subjects:
LEADER 00652nam a2200241Ia 4500
008 240830s9999 xx 000 0 und d
020 |a 970-686-205-6 
040 |a CEDOC FIQ-RUSB / 532 P866 
041 |a spa 
082 |a 532 P866 
100 1 |a Potter, Merle C. 
100 1 |b Wiggert, David C 
245 1 0 |a Mecánica de fluidos 
250 |a 3a.ed. 
260 |a México  |b Thomson  |c 2002 
300 |a 769 p. :il 
650 7 |a MECANICA DE FLUIDOS 
650 7 |b  ESTATICA DE FLUIDOS/ECUACIONES DIFERENCIALES BASICADS FLUJO VISCOSO - TUBERIAS 
650 7 |c  FLUJO DE FLUIDOS 
650 7 |d  MEDICIONES 
942 |c BK  |2 ddc 
991 |a TEXTO 
999 |c 13565